Rich people problems. #3 / Kevin Kwan.
Available copies
- 1 of 1 copy available at LARL/NWRL Consortium.
Current holds
0 current holds with 1 total copy.
Show All Copies
| Location | Call Number / Copy Notes | Barcode | Shelving Location | Status | Due Date |
|---|---|---|---|---|---|
| Roseau Public Library | KWA (Text) | 35500006203028 | Main | Available | - |
Record details
- ISBN: 0385542232
- ISBN: 9780385542234
- ISBN: 9780385689380
- ISBN: 0385689381
- Physical Description: 397 pages : illustration ; 25 cm
- Edition: First edition.
- Publisher: New York : Doubleday, [2017]
- Copyright: ©2017
Content descriptions
| Summary, etc.: | "[A] novel of a family riven by fortune, an ... Read More The entire Shang-Young clan has convened from all ... Read More |
Search for related items by subject
| Subject: | Rich people > Fiction. Upper class > Fiction. |
| Genre: | Humorous fiction. |
Search for related items by series
| LDR | 02393cam a2200469Ii 4500 | ||
|---|---|---|---|
| 001 | 237484 | ||
| 003 | LARL_NWRL_CONSORTIUM | ||
| 005 | 20170525165544.0 | ||
| 008 | 160930s2017 nyua 000 1 eng d | ||
| 010 | . | ‡a 2017930108 | |
| 040 | . | ‡aYDX ‡beng ‡cYDX ‡dBTCTA ‡dBDX ‡dOCLCQ ‡dNLC ‡dOCLCQ ‡dYDX ‡dOCLCQ ‡dGMP ‡dOCLCO ‡dVTL ‡dOCLCO ‡dWIM ‡dMWD ‡dVP@ ‡dIMT ‡dILC | |
| 016 | . | ‡a20169078280 | |
| 019 | . | ‡a987665554 | |
| 020 | . | ‡a0385542232 | |
| 020 | . | ‡a9780385542234 | |
| 020 | . | ‡a9780385689380 ‡q(hardcover) | |
| 020 | . | ‡a0385689381 ‡q(hardcover) | |
| 035 | . | ‡a(OCoLC)959536129 ‡z(OCoLC)987665554 | |
| 055 | 0. | ‡aPS3611 W36 ‡bR53 2017 | |
| 082 | 0 | 4. | ‡a813/.6 ‡223 |
| 100 | 1 | . | ‡aKwan, Kevin, ‡eauthor. ‡0(LARL_NWRL_CONSORTIUM)222101 |
| 245 | 1 | 0. | ‡aRich people problems. ‡n#3 / ‡cKevin Kwan. |
| 250 | . | ‡aFirst edition. | |
| 264 | 1. | ‡aNew York : ‡bDoubleday, ‡c[2017] | |
| 264 | 4. | ‡c©2017 | |
| 300 | . | ‡a397 pages : ‡billustration ; ‡c25 cm | |
| 336 | . | ‡atext ‡2rdacontent | |
| 337 | . | ‡aunmediated ‡2rdamedia | |
| 338 | . | ‡avolume ‡2rdacarrier | |
| 490 | 0 | . | ‡aCrazy rich Asians ; ‡v3 |
| 520 | . | ‡a"[A] novel of a family riven by fortune, an ex-wife driven psychotic with jealousy, a battle royal fought through couture gown sabotage, and the heir to one of Asia's greatest fortunes locked out of his inheritance" -- provided by publisher. | |
| 520 | . | ‡aThe entire Shang-Young clan has convened from all corners of the globe to stake claim on the massive fortune of Su Yi, their matriarch. With each family member vying to inherit Tyersall Park-- a trophy estate on 64 prime acres in the heart of Singapore-- Nicholas Young's childhood home turns into a hotbed of speculation and sabotage. As her relatives fight over heirlooms, Astrid Leong is at the center of her own storm, desperately in love with her old sweetheart Charlie Wu, but tormented by her ex-husband. Meanwhile Kitty Pong, married to China's second richest man, billionaire Jack Bing, still feels second best next to her new step-daughter, famous fashionista Colette Bing. | |
| 650 | 0. | ‡aRich people ‡vFiction. ‡0(LARL_NWRL_CONSORTIUM)167014 | |
| 650 | 0. | ‡aUpper class ‡vFiction. ‡0(LARL_NWRL_CONSORTIUM)167800 | |
| 655 | 7. | ‡aHumorous fiction. ‡2lcgft | |
| 901 | . | ‡a237484 ‡bOCoLC ‡c237484 ‡tbiblio ‡soclc | |

Add to basket
Permalink
Disable Highlighting